00528nam a22001577a 450000500170000001000150001702000260003203500140005803700130007208200080008510000160009324500640010926000360017327001330020930000280034220180419100613.0 aENG-122512 a9788183764193c925.00 aEN-106044 bDBAD/PUB a401 aGupta, J.P. aA new approach to modern linguistic theory /cby J.P. Gupta aNew DelhibABD Publishersc2013 aB.O. 102, Ist Floor, Satyam House, 4327/3, Ansari Road, Darya Ganj. bNew Delhie110002k011-45652440mabdpublishersjpr@yahoo.in a264p.bill. c21cm.(Hb)